German - Berlin Vocabulary - History - Statistics

General Stats
  • This quiz has been taken 16 times
  • The average score is 11 of 50
Answer Stats
Answer Hint % Correct
das/ein Volk(-er) the/a people
50%
der Staat(en) state
50%
die Macht(¨e) power
50%
die Grenze(n) border
43%
die Hauptstadt(¨e) capital city
43%
das Gebäude(−) building
36%
das Opfer(−) victim
36%
der Erste/Zweite Weltkrieg the First/Second World War
36%
der Flüchtling refugee
36%
der Kaiser(−) emperor
36%
die DDR/Deutsche Demokratische Republik GDR/German Democratic Republic
36%
im Ausland abroad
36%
zerstören to destroy
36%
der Kalte Krieg Cold War
29%
der Spion(e) spy
29%
die BRD/Bundesrepublik Deutschland FRG/Federal Republic of Germany
29%
die Nachkriegszeit(en) post-war period
29%
die Wiedervereinigung reunification
29%
gleichzeitig at the same time
29%
gründen to found
29%
protestieren to protest
29%
abreißen to tear down
21%
aufblühen to flourish
21%
auslösen to trigger
21%
damalig former
21%
das Elend(–) misery
21%
demonstrieren to demonstrate
21%
die Ablehnung(en) rejection, disapproval
21%
die Herkunft(¨e) origin
21%
die Staatssicherheit(en) state security
21%
die Währung(en) currency
21%
die Weltwirtschaftskrise(n) global economic crisis
21%
flüchten to flee
21%
sich weigern to refuse
21%
veröffentlichen to publish
21%
absperren to close off
14%
besetzen to occupy
14%
das Ereignis(se) event
14%
fliehen to flee, escape
14%
die Deutsche Teilung the division of Germany
7%
die Flucht(en) escape
7%
die Grenzübergangsstelle(n) border checkpoint
7%
im Inland within the country
7%
klettern auf to climb on(to)
7%
absetzen to remove from office, dispose
0%
das Flugblatt(¨er) flyer
0%
die Ausreise(n) permission to leave
0%
die Sperranlage(n) installed barrier
0%
einheitlich unified
0%
schlagartig sudden(ly)
0%
No matching quizzes found
Score Distribution
Percent of People with Each Score
Percentile by Number Answered
Your Score History
You have not taken this quiz